| 000 | 00526nam a22001457a 4500 | ||
|---|---|---|---|
| 003 | SGT | ||
| 082 |
_a617.6342 _bS22A |
||
| 100 | _aArya, Ashtha | ||
| 245 |
_aStress distribution & clinical performance of endodontically treated mandibular molars restored with direct composite resin _bAn In vitro FEA study with prospective clinical correlation |
||
| 260 |
_aGurugram, Haryana _bSGT University _c2023 |
||
| 300 | _a136 | ||
| 650 | _aCons. Dentistry & Endodontics | ||
| 653 | _aCons. Dentistry & Endodontics | ||
| 942 |
_2ddc _cTH |
||
| 999 |
_c25630 _d25630 |
||